| 000 | 00000nam 2200000zi 4500 |
| 001 | 9.937167 |
| 003 | CaOODSP |
| 005 | 20240419112935 |
| 006 | m o d f |
| 007 | cr |n||||||||| |
| 008 | 240419s1984 onca o f000 0|eng d |
| 040 | |aCaOODSP|beng|erda|cCaOODSP |
| 043 | |an-cn--- |
| 086 | 1 |aId31-51/1984E-PDF |
| 245 | 00|aI think I want to be a designer. |
| 264 | 1|a[Ottawa] : |bGovernment of Canada, Regional Industrial Expansion = Gouvernement du Canada, Expansion industrielle régionale, |c[1984?] |
| 300 | |a1 online resource (20 pages) : |bcolour illustrations |
| 336 | |atext|btxt|2rdacontent |
| 337 | |acomputer|bc|2rdamedia |
| 338 | |aonline resource|bcr|2rdacarrier |
| 500 | |aDigitized edition from print [produced by Innovation, Science and Economic Development Canada]. |
| 500 | |aIssued also in French under title: Moi, je veux être designer. |
| 650 | 0|aDesign|xStudy and teaching|zCanada. |
| 650 | 0|aDesigners|zCanada. |
| 710 | 1 |aCanada. |bDepartment of Regional Industrial Expansion, |eissuing body. |
| 775 | 08|tMoi, je veux être designer.|w(CaOODSP)9.937169 |
| 856 | 40|qPDF|s1.97 MB|uhttps://publications.gc.ca/collections/collection_2024/isde-ised/Id31-51-1984-eng.pdf |